Les plus grandes villes d'Europe A-Z - Statistiques

Statistiques générales
  • Ce quiz a été pris 13 382 fois
    13 281 depuis la dernière actualisation
  • Le résultat moyen est 11 sur 26
Statistiques - réponses
Lettre Population Ville % Correct
P 11,4 m Paris
99%
L 14,8 m Londres
93%
M 17,4 m Moscou
83%
R 3,50 m Rome
78%
B 4,88 m Barcelone
73%
O 1,21 m Oslo
65%
V 2,35 m Varsovie
62%
A 3,50 m Athènes
61%
K 3,48 m Kiev
58%
I 16,2 m Istanbul
55%
C 1,69 m Copenhague
52%
S 5,65 m Saint-Pétersbourg
49%
N 4,15 m Naples
44%
Z 1,45 m Zurich
39%
F 3,28 m Francfort-sur-le-Main
38%
H 2,88 m Hambourg
37%
T 1,61 m Turin
37%
E 0,90 m Édimbourg
26%
Q 0,13 m Quimper
19%
G 1,69 m Glasgow
18%
D 1,44 m Donetsk
8%
U 0,35 m Utrecht
7%
X 0,07 m Xanthi (ou Xérès)
6%
J 0,21 m Jerez de la Frontera
5%
W 0,64 m Wrocław
5%
Y 0,21 m York
4%
Aucun quiz correspondant
Distribution des résultats
% des personnes avec chaque résultat
Percentile par nombre de réponses
Votre historique - résultats
Vous n’avez pas pris ce quiz depuis la dernière actualisation